[Event "Czech Open GM 2019"]
[Site "Pardubice"]
[Date "2019.07.22"]
[Round "4.20"]
[White "Martin, Julian"]
[Black "Pychova, Nela"]
[Result "1-0"]
[WhiteElo "2363"]
[BlackElo "2214"]
[Annotator "NA"]
[PlyCount "65"]
[EventDate "2019.07.19"]
[EventType "swiss"]
[EventCountry "CZE"]
[SourceTitle "playchess.com"]
[Source "ChessBase"]
[SourceQuality "1"]

1. e4 e5 2. Nf3 Nf6 3. d4 Nxe4 4. Bd3 d5 5. dxe5 Nc5 6. Be2 Be7 7. Be3 O-O 8. O-O Ne6 9. c4 dxc4 10. Qc2 c6 11. Bxc4 Nd7 12. Nc3 Qa5 13. Rae1 Nxe5 14. Nxe5 Qxe5 15. f4 Qh5 16. f5 Bd6 17. g3 Nc5 18. b4 Na6 19. a3 Be5 20. Nd1 Nc7 21. Qe4 Re8 22. Be2 Qxh2+ 23. Kxh2 Bxg3+ 24. Kxg3 Rxe4 25. Bf3 Re8 26. Bf4 Bxf5 27. Bxc7 Bd3 28. Rg1 f5 29. Nb2 Bc2 30. Nc4 g5 31. Bh5 Re4 32. Rxe4 Bxe4 33. Nd6 1-0

[Event "Czech Open GM 2019"]
[Site "Pardubice"]
[Date "2019.07.22"]
[Round "4.21"]
[White "Ostrovskiy, Aleksandr"]
[Black "Dushyant, Sharma"]
[Result "1/2-1/2"]
[WhiteElo "2453"]
[BlackElo "2168"]
[Annotator "ChessBase"]
[PlyCount "74"]
[EventDate "2019.07.19"]
[EventType "swiss"]
[EventCountry "CZE"]
[SourceTitle "playchess.com"]
[Source "ChessBase"]
[SourceQuality "1"]

1. e4 e5 2. Nf3 Nc6 3. Bc4 Bc5 4. O-O Nf6 5. d3 O-O 6. c3 d5 7. exd5 Nxd5 8. a4 Nb6 9. Bb5 Ne7 10. Nxe5 c6 11. Bc4 Bd6 12. Nf3 Nxc4 13. dxc4 Bf5 14. Nd4 Bg6 15. Qf3 Qc7 16. h3 a6 17. Ne2 c5 18. Nf4 Bc2 19. a5 Rad8 20. Be3 Ng6 21. Nd5 Qc6 22. Qe2 Be4 23. Rd1 Rfe8 24. f3 Bxd5 25. cxd5 Qc7 26. Na3 Nh4 27. Nc4 Nf5 28. Qd3 g6 29. Bf2 Bh2+ 30. Kf1 Bg3 31. Re1 Bxf2 32. Kxf2 Qg3+ 33. Kf1 Qh2 34. Qd2 Nh4 35. Qf2 Nf5 36. Qd2 Nh4 37. Qf2 Nf5 1/2-1/2

[Event "Czech Open GM 2019"]
[Site "Pardubice"]
[Date "2019.07.22"]
[Round "4.21"]
[White "Iliaguev, Nisim"]
[Black "Siniauski, Artsiom"]
[Result "1-0"]
[WhiteElo "2357"]
[BlackElo "2205"]
[Annotator "NA"]
[PlyCount "103"]
[EventDate "2019.07.19"]
[EventType "swiss"]
[EventCountry "CZE"]
[SourceTitle "playchess.com"]
[Source "ChessBase"]
[SourceQuality "1"]

1. c4 e5 2. g3 Nf6 3. Bg2 d5 4. cxd5 Nxd5 5. Nf3 Nc6 6. O-O Be7 7. d4 exd4 8. Nxd4 Nxd4 9. Qxd4 Nb4 10. Qxd8+ Bxd8 11. Nc3 O-O 12. Bf4 Na6 13. Rab1 Nc5 14. b4 Ne6 15. Be3 a5 16. b5 Be7 17. Nd5 Bd6 18. Rfd1 Rd8 19. a4 Rb8 20. Rd2 Bd7 21. Rbd1 Be8 22. f4 c6 23. bxc6 bxc6 24. Nf6+ gxf6 25. Rxd6 Rxd6 26. Rxd6 c5 27. f5 Ng7 28. Bxc5 Bxa4 29. g4 Bb5 30. Ba7 Rc8 31. Kf2 a4 32. Rb6 Bc4 33. Rxf6 a3 34. Rc6 Rxc6 35. Bxc6 a2 36. Bd4 Kf8 37. e4 Ne8 38. Bxe8 Kxe8 39. g5 Bd3 40. Ke3 Bc2 41. h4 Bd1 42. Kf4 Ke7 43. Bf6+ Ke8 44. Ba1 Ke7 45. Bb2 Be2 46. e5 Bh5 47. Bc3 Kd7 48. g6 hxg6 49. Kg5 Ke7 50. e6 Kf8 51. exf7 Kxf7 52. Ba1 1-0

[Event "Czech Open GM 2019"]
[Site "Pardubice"]
[Date "2019.07.22"]
[Round "4.22"]
[White "Galperin, Platon"]
[Black "Stinka, Jakub"]
[Result "1-0"]
[WhiteElo "2445"]
[BlackElo "2135"]
[Annotator "TA"]
[PlyCount "117"]
[EventDate "2019.07.19"]
[EventType "swiss"]
[EventCountry "CZE"]
[SourceTitle "playchess.com"]
[Source "ChessBase"]
[SourceQuality "1"]

1. c4 e6 2. Nc3 d5 3. d4 Nf6 4. Nf3 Be7 5. Bg5 Nbd7 6. Qc2 h6 7. Bh4 c5 8. dxc5 Nxc5 9. e3 O-O 10. Be2 dxc4 11. Bxc4 a6 12. a4 b6 13. O-O Bb7 14. Rfd1 Qe8 15. Ne5 Nfd7 16. Nxd7 Nxd7 17. Bg3 Nf6 18. Be2 Nd5 19. Qb3 Nxc3 20. bxc3 Qc6 21. Bf3 Qc8 22. Qxb6 Bxf3 23. gxf3 Qxc3 24. Rac1 Qf6 25. Kg2 h5 26. Rc4 Qg6 27. h4 a5 28. Rd7 Bf6 29. Qc5 Rfb8 30. Ra7 Rxa7 31. Qxa7 Rb1 32. Qxa5 Rd1 33. Qa8+ Kh7 34. Rc8 Qd3 35. Qe4+ Qxe4 36. fxe4 Ra1 37. e5 Be7 38. Rc7 Bd8 39. Rd7 Bb6 40. Rxf7 Rxa4 41. Re7 Bd8 42. Rxe6 Bxh4 43. Bxh4 Rxh4 44. f4 Rg4+ 45. Kh2 Kg8 46. Rc6 Kf7 47. Rc7+ Ke6 48. Rc2 Rh4+ 49. Kg3 Rh1 50. Rh2 Ra1 51. Rxh5 Ra3 52. Kf3 Rb3 53. Rh8 Ra3 54. Rd8 Rb3 55. Rd6+ Ke7 56. Ra6 Rc3 57. f5 Rb3 58. Ra7+ Kf8 59. Kf4 1-0

[Event "Czech Open GM 2019"]
[Site "Pardubice"]
[Date "2019.07.22"]
[Round "4.22"]
[White "Nurkiewicz, Maciej"]
[Black "Debevec, Blaz"]
[Result "1/2-1/2"]
[WhiteElo "2334"]
[BlackElo "2195"]
[Annotator "NA"]
[PlyCount "99"]
[EventDate "2019.07.19"]
[EventType "swiss"]
[EventCountry "CZE"]
[SourceTitle "playchess.com"]
[Source "ChessBase"]
[SourceQuality "1"]

1. e4 e5 2. Nf3 Nc6 3. Bb5 f5 4. Nc3 fxe4 5. Nxe4 Nf6 6. Nxf6+ Qxf6 7. Qe2 Be7 8. Bxc6 bxc6 9. Nxe5 Qe6 10. Nf3 Qxe2+ 11. Kxe2 d5 12. h3 O-O 13. d3 Bd6 14. Be3 c5 15. c3 Bb7 16. d4 Rae8 17. Kd2 cxd4 18. cxd4 Bb4+ 19. Kc2 c5 20. a3 cxd4 21. Bxd4 Rc8+ 22. Kb3 Bc5 23. Bxc5 Rxc5 24. Rac1 Rb5+ 25. Ka2 Rb6 26. Rhd1 Rg6 27. Rc7 Ba6 28. Rxd5 Rxg2 29. Ne5 h6 30. Ng4 Bc8 31. Rd2 Be6+ 32. Kb1 Bb3 33. Rc1 h5 34. Ne3 Rgxf2 35. Rxf2 Rxf2 36. Rc3 Bf7 37. b4 Rf3 38. Nd1 Rxc3 39. Nxc3 Be6 40. h4 g5 41. hxg5 h4 42. Kc1 h3 43. Ne4 h2 44. Nf2 Kg7 45. Kd2 Kg6 46. Ke3 Kxg5 47. Kf3 Kh4 48. Kg2 Kg5 49. Kxh2 Kf4 50. Nd3+ 1/2-1/2

[Event "Czech Open GM 2019"]
[Site "Pardubice"]
[Date "2019.07.22"]
[Round "4.23"]
[White "Caletka, Radomir"]
[Black "Frolov, Artur"]
[Result "1/2-1/2"]
[WhiteElo "2286"]
[BlackElo "2453"]
[Annotator "ChessBase"]
[PlyCount "129"]
[EventDate "2019.07.19"]
[EventType "swiss"]
[EventCountry "CZE"]
[SourceTitle "playchess.com"]
[Source "ChessBase"]
[SourceQuality "1"]

1. d4 Nf6 2. c4 e6 3. Nc3 d5 4. cxd5 exd5 5. Bg5 Nbd7 6. e3 c6 7. Bd3 Bd6 8. Nge2 O-O 9. Qc2 h6 10. Bh4 Re8 11. Bg3 Bf8 12. h3 Qe7 13. O-O Ne4 14. Bh2 f5 15. Rae1 Ndf6 16. f3 Nd6 17. Be5 Nf7 18. Bf4 g5 19. Bg3 Qd7 20. Bf2 Nd6 21. Ng3 h5 22. e4 f4 23. e5 fxg3 24. Bxg3 h4 25. Bf2 Qg7 26. exf6 Qxf6 27. Rxe8 Nxe8 28. Re1 Nd6 29. Re5 Bd7 30. Qb3 Re8 31. Rxe8 Bxe8 32. Qc2 Kg7 33. Na4 Bg6 34. Nc5 Bxd3 35. Qxd3 Qg6 36. Qe2 Qb1+ 37. Kh2 Qf5 38. b3 Kf7 39. Be3 Be7 40. Qd2 Kg6 41. Qe2 Bd8 42. Bf2 Bc7 43. Kh1 Kf7 44. Bg1 Ne8 45. Nxb7 Nf6 46. Nc5 Nh5 47. Bf2 Nf4 48. Qf1 Qc2 49. Be3 Ne2 50. Qe1 Bg3 51. Qa1 Bf4 52. Bxf4 Nxf4 53. Qf1 Qxa2 54. Nd3 Ne2 55. Qd1 Kg7 56. Kh2 a5 57. Nc1 Nxc1 58. Qxc1 Qxb3 59. Qxg5+ Kf7 60. Qh5+ Ke6 61. Qe8+ Kd6 62. Qd8+ Ke6 63. Qe8+ Kd6 64. Qd8+ Ke6 65. Qe8+ 1/2-1/2

[Event "Czech Open GM 2019"]
[Site "Pardubice"]
[Date "2019.07.22"]
[Round "4.23"]
[White "Bykova, Anastasia"]
[Black "Kulon, Klaudia"]
[Result "0-1"]
[WhiteElo "2229"]
[BlackElo "2331"]
[Annotator "NA"]
[PlyCount "54"]
[EventDate "2019.07.19"]
[EventType "swiss"]
[EventCountry "CZE"]
[SourceTitle "playchess.com"]
[Source "ChessBase"]
[SourceQuality "1"]

1. d4 Nf6 2. c4 d6 3. Nf3 Nbd7 4. g3 e5 5. Nc3 c6 6. Qc2 g6 7. Bg2 Bg7 8. O-O O-O 9. e4 exd4 10. Nxd4 Ng4 11. Nce2 Nb6 12. f4 c5 13. Nf3 f5 14. h3 fxe4 15. Ng5 Nf6 16. Nc3 Re8 17. Ncxe4 h6 18. Rd1 d5 19. cxd5 hxg5 20. Nxf6+ Qxf6 21. fxg5 Qf5 22. Qxc5 Re2 23. g4 Rxg2+ 24. Kxg2 Qe4+ 25. Kg3 Be5+ 26. Kh4 Qf3 27. Rg1 Qf7 0-1

[Event "Czech Open GM 2019"]
[Site "Pardubice"]
[Date "2019.07.22"]
[Round "4.24"]
[White "Kenneskog, Theodor"]
[Black "Cernousek, Lukas"]
[Result "0-1"]
[WhiteElo "2284"]
[BlackElo "2451"]
[Annotator "ChessBase"]
[PlyCount "96"]
[EventDate "2019.07.19"]
[EventType "swiss"]
[EventCountry "CZE"]
[SourceTitle "playchess.com"]
[Source "ChessBase"]
[SourceQuality "1"]

1. d4 Nf6 2. c4 c5 3. d5 g6 4. Nc3 d6 5. e4 Bg7 6. Nge2 O-O 7. f3 a6 8. a4 e6 9. Ng3 exd5 10. cxd5 Nbd7 11. Be2 Rb8 12. O-O Ne8 13. Be3 Nc7 14. a5 b5 15. axb6 Rxb6 16. Qd2 Rb4 17. Bg5 Bd4+ 18. Kh1 f6 19. Bh6 Re8 20. f4 Nb6 21. f5 Nb5 22. Rf3 Be5 23. fxg6 hxg6 24. Raf1 Nd4 25. R3f2 Nxe2 26. Qxe2 Qe7 27. Bf4 Rf8 28. Bxe5 Qxe5 29. Rf4 Kg7 30. Rh4 Qg5 31. Rhf4 Rf7 32. Nd1 Nxd5 33. R4f3 Ne7 34. Ne3 Qe5 35. b3 Qe6 36. Ngf5+ gxf5 37. Rh3 Rxe4 38. Qh5 Kf8 39. Qh8+ Ng8 40. Rg3 Rg4 41. Nxg4 fxg4 42. h3 Qe4 43. Kh2 Qg6 44. Kg1 Bf5 45. hxg4 Bd3 46. Rf2 Rh7 47. Rxf6+ Qxf6 48. Qxh7 Bxh7 0-1

[Event "Czech Open GM 2019"]
[Site "Pardubice"]
[Date "2019.07.22"]
[Round "4.24"]
[White "Milikow, Yoav"]
[Black "Mueller, Ralf"]
[Result "1-0"]
[WhiteElo "2186"]
[BlackElo "2331"]
[Annotator "NA"]
[PlyCount "77"]
[EventDate "2019.07.19"]
[EventType "swiss"]
[EventCountry "CZE"]
[SourceTitle "playchess.com"]
[Source "ChessBase"]
[SourceQuality "1"]

1. d4 d5 2. c4 e6 3. Nc3 Nf6 4. cxd5 exd5 5. Bg5 Be7 6. e3 c6 7. Bd3 Nbd7 8. Nge2 h6 9. Bh4 Nh5 10. Bxe7 Qxe7 11. O-O O-O 12. Qd2 Re8 13. Rae1 Ndf6 14. Nf4 Nxf4 15. exf4 Qd8 16. f3 Rxe1 17. Rxe1 Ne8 18. f5 Nd6 19. Qf4 Qf6 20. Re5 Qg5 21. Qxg5 hxg5 22. g4 f6 23. Re2 Bd7 24. Kf2 Re8 25. f4 Rxe2+ 26. Nxe2 gxf4 27. Kf3 Be8 28. Kxf4 Kf8 29. h4 Ke7 30. b3 Bd7 31. Kf3 Kf8 32. Nf4 Be8 33. Ke3 Ke7 34. Ne2 Bf7 35. Ng3 Be8 36. Kf4 Nc8 37. g5 fxg5+ 38. hxg5 Nb6 39. g6 1-0

[Event "Czech Open GM 2019"]
[Site "Pardubice"]
[Date "2019.07.22"]
[Round "4.25"]
[White "Mertanen, Janne"]
[Black "Novik, Maxim"]
[Result "1/2-1/2"]
[WhiteElo "2281"]
[BlackElo "2450"]
[Annotator "ChessBase"]
[PlyCount "82"]
[EventDate "2019.07.19"]
[EventType "swiss"]
[EventCountry "CZE"]
[SourceTitle "playchess.com"]
[Source "ChessBase"]
[SourceQuality "1"]

1. d4 Nf6 2. c4 g6 3. Nc3 d5 4. cxd5 Nxd5 5. Bd2 Bg7 6. e4 Nxc3 7. Bxc3 c5 8. d5 Bxc3+ 9. bxc3 O-O 10. Nf3 Bg4 11. Be2 e6 12. O-O exd5 13. exd5 Nd7 14. h3 Bxf3 15. Bxf3 Qf6 16. Qd2 Nb6 17. d6 Rad8 18. Rfd1 Rfe8 19. Bxb7 Re6 20. Qc2 Rexd6 21. Rxd6 Rxd6 22. Bf3 c4 23. Rd1 Rxd1+ 24. Bxd1 Nd5 25. Be2 Nxc3 26. Bxc4 Qd4 27. Be2 Ne4 28. Bd3 Nc3 29. Be2 h5 30. Bf3 h4 31. Qb2 a5 32. a3 Kg7 33. Bg4 a4 34. Bf3 Qc4 35. Qb6 Nb5 36. Qe3 Qc3 37. Qxc3+ Nxc3 38. Kf1 Kf6 39. Ke1 Ke5 40. Kd2 Kd4 41. Bc6 Nb1+ 1/2-1/2

[Event "Czech Open GM 2019"]
[Site "Pardubice"]
[Date "2019.07.22"]
[Round "4.25"]
[White "Zhuravlev, Stepan"]
[Black "Van Dael, Siem"]
[Result "1/2-1/2"]
[WhiteElo "2182"]
[BlackElo "2319"]
[Annotator "NA"]
[PlyCount "40"]
[EventDate "2019.07.19"]
[EventType "swiss"]
[EventCountry "CZE"]
[SourceTitle "playchess.com"]
[Source "ChessBase"]
[SourceQuality "1"]

1. d4 Nf6 2. c4 g6 3. Nc3 Bg7 4. e4 d6 5. Be2 O-O 6. Bg5 c5 7. d5 e6 8. Qd2 exd5 9. exd5 Re8 10. Nf3 Qb6 11. O-O Bf5 12. Bd3 Bxd3 13. Qxd3 Nbd7 14. Rab1 Ng4 15. Qc2 Nge5 16. Nxe5 Nxe5 17. Ne4 Nd7 18. Bf4 Ne5 19. Bg5 Nd7 20. Bf4 Ne5 1/2-1/2

[Event "Czech Open GM 2019"]
[Site "Pardubice"]
[Date "2019.07.22"]
[Round "4.26"]
[White "Biolek, Richard Jr."]
[Black "Kushko, Dmitry"]
[Result "1-0"]
[WhiteElo "2447"]
[BlackElo "2281"]
[Annotator "NA"]
[PlyCount "67"]
[EventDate "2019.07.19"]
[EventType "swiss"]
[EventCountry "CZE"]
[SourceTitle "playchess.com"]
[Source "ChessBase"]
[SourceQuality "1"]

1. e4 d6 2. d4 Nf6 3. Nc3 g6 4. Be3 c6 5. a4 Bg7 6. h3 O-O 7. Nf3 e5 8. dxe5 dxe5 9. Qxd8 Rxd8 10. Bc4 Be6 11. Bxe6 fxe6 12. Nxe5 Nxe4 13. Nxe4 Bxe5 14. Ke2 Nd7 15. Bg5 Rf8 16. Rad1 Rf7 17. b3 Nf6 18. Bxf6 Bxf6 19. Rd7 Raf8 20. Rhd1 Bb2 21. Rxf7 Rxf7 22. Rd8+ Rf8 23. Rxf8+ Kxf8 24. Nc5 b6 25. Nxe6+ Ke7 26. Ng5 h6 27. Ne4 h5 28. f4 Ke6 29. c4 a6 30. Kf3 Bd4 31. g4 hxg4+ 32. hxg4 b5 33. Nf2 bxc4 34. bxc4 1-0

[Event "Czech Open GM 2019"]
[Site "Pardubice"]
[Date "2019.07.22"]
[Round "4.26"]
[White "Vokac, Marek"]
[Black "Zhukenov, Aituar"]
[Result "1/2-1/2"]
[WhiteElo "2316"]
[BlackElo "2164"]
[Annotator "TA"]
[PlyCount "204"]
[EventDate "2019.07.19"]
[EventType "swiss"]
[EventCountry "CZE"]
[SourceTitle "playchess.com"]
[Source "ChessBase"]
[SourceQuality "1"]

1. Nf3 c5 2. g3 Nc6 3. Bg2 g6 4. d4 cxd4 5. Nxd4 Bg7 6. Nb3 Nf6 7. c4 O-O 8. O-O d6 9. Nc3 Be6 10. Nd5 Ne5 11. Nd4 Nxc4 12. Nxe6 fxe6 13. Nf4 Qb6 14. Nxe6 Rfc8 15. Nxg7 Kxg7 16. b3 Ne5 17. Be3 Qb5 18. h3 Rc7 19. Rc1 Rac8 20. Rxc7 Rxc7 21. Qd2 b6 22. f4 Ned7 23. g4 Qa5 24. g5 Ne8 25. Qxa5 bxa5 26. Rc1 Nb6 27. Bc6 Kf8 28. Kf2 Ng7 29. Bb5 Ne6 30. Rxc7 Nxc7 31. Bd3 Ncd5 32. Bd2 a4 33. h4 axb3 34. axb3 e6 35. Kf3 Kf7 36. h5 Ne7 37. hxg6+ hxg6 38. e3 Nf5 39. Bb5 Ke7 40. Ke4 Nd7 41. Kd3 Nc5+ 42. Kc2 Ne4 43. Bc1 Nc5 44. Kc3 Kd8 45. Bc6 d5 46. Bb5 Nd6 47. Be2 Kd7 48. Ba3 Nde4+ 49. Kc2 Kc6 50. Bb2 Ng3 51. Bg4 Nf5 52. Bc1 Kd6 53. b4 Ne4 54. Bf3 Kc6 55. Be2 Ned6 56. Bd3 Ne4 57. Kb3 Ned6 58. Kc3 Ne4+ 59. Kc2 Ned6 60. Kb3 Ne4 61. Ka4 Kb7 62. Ka5 Nfd6 63. b5 Nf5 64. Kb4 Ned6 65. Bb2 Ne4 66. Bd4 Nfd6 67. Bc5 Nf5 68. Bc2 Nd2 69. Bd3 Ne4 70. Bd4 Nfd6 71. Be2 Nf5 72. Bg4 Ned6 73. Bc5 Ne4 74. Bh3 Nf2 75. Bf1 Ng3 76. e4 Nfxe4 77. Bd3 Nf5 78. Bg1 Ned6 79. Bc5 Ne4 80. Bg1 Neg3 81. Bc5 Nh5 82. Bxf5 exf5 83. Bd6 Kb6 84. Be5 Ng3 85. Bd4+ Kb7 86. Kc5 Ne2 87. Kxd5 Nxd4 88. Kxd4 Kb6 89. Ke5 Kxb5 90. Kf6 a5 91. Kxg6 a4 92. Kxf5 a3 93. g6 a2 94. g7 a1=Q 95. g8=Q Qb1+ 96. Ke5 Qb2+ 97. Ke4 Qe2+ 98. Kf5 Qd3+ 99. Kg4 Qd1+ 100. Kf5 Qd3+ 101. Ke5 Qe3+ 102. Kf5 Qd3+ 1/2-1/2

[Event "Czech Open GM 2019"]
[Site "Pardubice"]
[Date "2019.07.22"]
[Round "4.27"]
[White "Goriatchkin, Jouri"]
[Black "Krejca, Jakub"]
[Result "1-0"]
[WhiteElo "2316"]
[BlackElo "2150"]
[Annotator "NA"]
[PlyCount "133"]
[EventDate "2019.07.19"]
[EventType "swiss"]
[EventCountry "CZE"]
[SourceTitle "playchess.com"]
[Source "ChessBase"]
[SourceQuality "1"]

1. d4 e6 2. c4 d5 3. Nf3 Nf6 4. Nc3 Be7 5. Bf4 O-O 6. e3 Nbd7 7. cxd5 exd5 8. Bd3 c6 9. O-O Re8 10. h3 Nf8 11. Qc2 g6 12. Ne5 N6d7 13. Nxd7 Bxd7 14. Rab1 Ne6 15. Be5 Ng7 16. b4 a6 17. Na4 Bf5 18. Nc5 Qc8 19. a4 Bxd3 20. Nxd3 Nf5 21. Rfc1 Qd7 22. b5 cxb5 23. axb5 Rec8 24. Qb3 Qxb5 25. Rxc8+ Rxc8 26. Qxb5 axb5 27. Rxb5 f6 28. Bg3 Nxg3 29. fxg3 Rc3 30. Nf4 Rxe3 31. Rxb7 Bd6 32. Nxd5 Rd3 33. Nxf6+ Kf8 34. Nxh7+ Kg8 35. Nf6+ Kf8 36. Nh7+ Kg8 37. Nf6+ Kf8 38. Ne4 Rxd4 39. Nxd6 Rxd6 40. Kh2 Rd5 41. h4 Kg8 42. Kh3 Ra5 43. g4 Ra3+ 44. Kh2 Ra5 45. Kg3 Kf8 46. Kf3 Ra3+ 47. Kf4 Ra5 48. Kg3 Ra3+ 49. Kh2 Ra4 50. Kh3 Ra3+ 51. g3 Ra5 52. Rd7 Rb5 53. Kg2 Ra5 54. Kf3 Rb5 55. Ke4 Ra5 56. Rd5 Ra4+ 57. Kf3 Kg7 58. h5 Ra6 59. Rg5 Ra3+ 60. Kg2 Ra6 61. Rxg6+ Rxg6 62. hxg6 Kxg6 63. Kf2 Kg5 64. Kf3 Kf6 65. Kf4 Kg6 66. g5 Kh5 67. g6 1-0

[Event "Czech Open GM 2019"]
[Site "Pardubice"]
[Date "2019.07.22"]
[Round "4.27"]
[White "Haring, Viktor"]
[Black "Kacharava, Nikolozi"]
[Result "0-1"]
[WhiteElo "2278"]
[BlackElo "2431"]
[Annotator "NA"]
[PlyCount "50"]
[EventDate "2019.07.19"]
[EventType "swiss"]
[EventCountry "CZE"]
[SourceTitle "playchess.com"]
[Source "ChessBase"]
[SourceQuality "1"]

1. d4 d5 2. c4 dxc4 3. Nf3 Nf6 4. e3 e6 5. Bxc4 c5 6. O-O a6 7. Bb3 Nc6 8. Nc3 b5 9. Qe2 Bb7 10. Rd1 Qc7 11. Bc2 Bd6 12. dxc5 Bxc5 13. a4 bxa4 14. Ng5 h6 15. Nge4 Nxe4 16. Nxe4 Be7 17. Bd2 O-O 18. Bc3 Ne5 19. f4 Ng6 20. Rxa4 a5 21. Rc4 Qb8 22. Nc5 Bd5 23. Nd7 Qb5 24. Nxf8 Bxc4 25. Nxg6 Bxe2 0-1

[Event "Czech Open GM 2019"]
[Site "Pardubice"]
[Date "2019.07.22"]
[Round "4.28"]
[White "Krak, Tomas"]
[Black "Plischki, Sebastian"]
[Result "1/2-1/2"]
[WhiteElo "2274"]
[BlackElo "2420"]
[Annotator "NA"]
[PlyCount "102"]
[EventDate "2019.07.19"]
[EventType "swiss"]
[EventCountry "CZE"]
[SourceTitle "playchess.com"]
[Source "ChessBase"]
[SourceQuality "1"]

1. d4 Nf6 2. c4 g6 3. Nc3 Bg7 4. e4 d6 5. Nf3 O-O 6. Be2 c5 7. O-O Bg4 8. d5 Nbd7 9. Bg5 Bxf3 10. Bxf3 a6 11. a4 Rb8 12. Be2 Ne8 13. Qd2 Nc7 14. Ra3 Re8 15. Kh1 Bf6 16. Bf4 Nf8 17. Bg3 Bd4 18. Bd3 e6 19. Rb3 exd5 20. exd5 f5 21. Ne2 Be5 22. f4 Bg7 23. Ng1 Nd7 24. Re1 Rxe1 25. Qxe1 b6 26. Nf3 Qf8 27. Bh4 Re8 28. Qf1 a5 29. h3 Bf6 30. Qf2 Bxh4 31. Qxh4 Qe7 32. Qxe7 Rxe7 33. Kg1 Kg7 34. Kf2 h6 35. Bb1 Kf6 36. Re3 Rxe3 37. Kxe3 Ne8 38. b3 Ng7 39. g3 g5 40. Bc2 Nh5 41. fxg5+ hxg5 42. Bxf5 Ne5 43. g4 Nf4 44. Nd2 Nxh3 45. Ne4+ Ke7 46. Be6 Nf4 47. Nxg5 Nxe6 48. Nxe6 Nxg4+ 49. Ke4 Nf2+ 50. Ke3 Ng4+ 51. Kf4 Nf2 1/2-1/2

[Event "Czech Open GM 2019"]
[Site "Pardubice"]
[Date "2019.07.22"]
[Round "4.28"]
[White "ter Stal, Rainer"]
[Black "Van Osch, Mees"]
[Result "0-1"]
[WhiteElo "2155"]
[BlackElo "2316"]
[Annotator "NA"]
[PlyCount "104"]
[EventDate "2019.07.19"]
[EventType "swiss"]
[EventCountry "CZE"]
[SourceTitle "playchess.com"]
[Source "ChessBase"]
[SourceQuality "1"]

1. d4 Nf6 2. c4 g6 3. Nc3 Bg7 4. e4 d6 5. f3 O-O 6. Be3 c5 7. dxc5 dxc5 8. Qxd8 Rxd8 9. Bxc5 Nc6 10. Nge2 Nd7 11. Bf2 Nde5 12. Nf4 b6 13. Nfd5 e6 14. Nc7 Nb4 15. Rd1 Rxd1+ 16. Kxd1 Rb8 17. Bh4 Rb7 18. Ne8 Rd7+ 19. Kc1 Bh6+ 20. Kb1 Rd2 21. a3 Nbd3 22. Bxd3 Nxd3 23. Rd1 Rxb2+ 24. Ka1 Rd2 25. Rxd2 Bxd2 26. Nb5 Ba6 27. Ned6 Bf4 28. Bg3 Bxg3 29. hxg3 Ne5 30. a4 Kf8 31. f4 Bxb5 32. cxb5 Nd3 33. Ka2 Ke7 34. e5 g5 35. Nc8+ Kd7 36. Nxa7 gxf4 37. gxf4 Nxf4 38. g4 Nd3 39. Nc6 Nf2 40. Nd4 Nxg4 41. Nf3 h5 42. Kb3 h4 43. Nxh4 Nxe5 44. Kb4 Kd6 45. Ng2 f5 46. Nf4 Nd7 47. Nd3 e5 48. Nb2 f4 49. Kc4 Nc5 50. Kb4 Kd5 51. Nc4 Nd7 52. Kc3 e4 0-1

[Event "Czech Open GM 2019"]
[Site "Pardubice"]
[Date "2019.07.22"]
[Round "4.29"]
[White "Yandarbiev, Ruslan"]
[Black "Pulpan, Jakub"]
[Result "1-0"]
[WhiteElo "2270"]
[BlackElo "2414"]
[Annotator "TA"]
[PlyCount "69"]
[EventDate "2019.07.19"]
[EventType "swiss"]
[EventCountry "CZE"]
[SourceTitle "playchess.com"]
[Source "ChessBase"]
[SourceQuality "1"]

1. d4 Nf6 2. Nf3 d5 3. c4 e6 4. Nc3 a6 5. Bg5 Be7 6. e3 h6 7. Bh4 O-O 8. cxd5 exd5 9. Qc2 Be6 10. Bd3 Nh5 11. Bxe7 Qxe7 12. O-O c6 13. Na4 Nd7 14. b4 b6 15. a3 Rfc8 16. Rfc1 a5 17. Ne5 Nxe5 18. dxe5 Qa7 19. Qc3 axb4 20. axb4 g5 21. Qd4 Rab8 22. h4 Ng7 23. hxg5 hxg5 24. e4 Rd8 25. Qe3 Qe7 26. Rxc6 Qxb4 27. Rxb6 Rxb6 28. Nxb6 d4 29. Qxg5 Qxb6 30. f4 Rc8 31. f5 Bxf5 32. exf5 Kf8 33. e6 Qd8 34. Qh6 Kg8 35. Ra7 1-0

[Event "Czech Open GM 2019"]
[Site "Pardubice"]
[Date "2019.07.22"]
[Round "4.29"]
[White "Soham Datar"]
[Black "Najdin, Danil"]
[Result "0-1"]
[WhiteElo "2129"]
[BlackElo "2314"]
[Annotator "NA RC"]
[PlyCount "106"]
[EventDate "2019.07.19"]
[EventType "swiss"]
[EventCountry "CZE"]
[SourceTitle "playchess.com"]
[Source "ChessBase"]
[SourceQuality "1"]

1. Nf3 Nf6 2. c4 g6 3. g3 Bg7 4. Bg2 O-O 5. O-O d6 6. d4 Nc6 7. Nc3 a6 8. d5 Na5 9. b3 c5 10. Bb2 Bd7 11. Nd2 b5 12. Qc2 Rb8 13. Rab1 h5 14. h3 Qc8 15. Kh2 e6 16. Nce4 Nxe4 17. Nxe4 exd5 18. Bxg7 Kxg7 19. Qc3+ f6 20. cxd5 Nb7 21. Nd2 Nd8 22. e4 Nf7 23. f4 b4 24. Qb2 Qc7 25. Rfe1 Rfe8 26. Re3 Re7 27. Rbe1 Rbe8 28. Bf3 Nh6 29. Nc4 Nf7 30. Bg2 Bb5 31. Bf3 Bxc4 32. bxc4 Rh8 33. g4 hxg4 34. Bxg4 Qd8 35. Rg1 Rh6 36. Bf5 Qe8 37. Reg3 Nh8 38. Qg2 Kh7 39. Be6 Rg7 40. Qb2 Qd8 41. e5 fxe5 42. fxe5 Rh5 43. exd6 Qxd6 44. Qf6 Rf7 45. Qb2 Rf4 46. Qc2 Rg5 47. Kh1 Rxg3 48. Rxg3 Qe5 49. Rg4 Rf3 50. Rg2 Qf4 51. Qe2 Rf1+ 52. Rg1 Rf2 53. Bg8+ Kh6 0-1

[Event "Czech Open GM 2019"]
[Site "Pardubice"]
[Date "2019.07.22"]
[Round "4.30"]
[White "Menezes, Christoph"]
[Black "Pacan-Milej, Kosma"]
[Result "1-0"]
[WhiteElo "2413"]
[BlackElo "2272"]
[Annotator "NA"]
[PlyCount "119"]
[EventDate "2019.07.19"]
[EventType "swiss"]
[EventCountry "CZE"]
[SourceTitle "playchess.com"]
[Source "ChessBase"]
[SourceQuality "1"]

1. d4 Nf6 2. c4 d6 3. Nf3 Nbd7 4. Nc3 e5 5. Bg5 c6 6. Qc2 Qa5 7. Bd2 Qc7 8. e3 Be7 9. Bd3 O-O 10. O-O Re8 11. h3 Nf8 12. Rac1 Ng6 13. Rfe1 Bf8 14. b4 Bd7 15. Qb1 Rac8 16. Red1 Qb8 17. a4 exd4 18. exd4 d5 19. Bg5 dxc4 20. Bxc4 Be6 21. Bxe6 Rxe6 22. Bxf6 Rxf6 23. Ne4 Rf4 24. Ng3 Rf6 25. Ng5 h6 26. Nf3 Re6 27. b5 Rce8 28. bxc6 bxc6 29. Qxb8 Rxb8 30. Rc4 Rb4 31. Rdc1 Rxc4 32. Rxc4 a5 33. Nf5 Bb4 34. Ne3 Nf4 35. Kf1 Nd3 36. Rc2 Nf4 37. h4 Rd6 38. Nc4 Rd5 39. Nb6 Rd6 40. Nc8 Rd7 41. Rxc6 Kf8 42. Nb6 Rd8 43. g3 Ne6 44. Rc4 Rd6 45. Rc8+ Ke7 46. Nc4 Ra6 47. Ne3 g6 48. Ke2 Rd6 49. Rc4 f5 50. Nc2 Rb6 51. Ne5 Bd6 52. Nxg6+ Kf6 53. h5 Kg5 54. f4+ Kg4 55. Kf2 Rb2 56. Ne5+ Kxh5 57. Kf1 Rb1+ 58. Ke2 Rb2 59. Kd2 Bb4+ 60. Kc1 1-0

[Event "Czech Open GM 2019"]
[Site "Pardubice"]
[Date "2019.07.22"]
[Round "4.30"]
[White "Ponnio, Toni"]
[Black "Thakur, Akash"]
[Result "1/2-1/2"]
[WhiteElo "2102"]
[BlackElo "2311"]
[Annotator "TA"]
[PlyCount "102"]
[EventDate "2019.07.19"]
[EventType "swiss"]
[EventCountry "CZE"]
[SourceTitle "playchess.com"]
[Source "ChessBase"]
[SourceQuality "1"]

1. d4 d5 2. c4 c6 3. Nf3 Nf6 4. Qc2 dxc4 5. e4 b5 6. b3 cxb3 7. axb3 e6 8. Bd2 Bb7 9. Bd3 a5 10. O-O h6 11. Rd1 Nbd7 12. Nc3 Bb4 13. e5 Bxc3 14. Qxc3 Nd5 15. Qc2 Qb6 16. Rdc1 b4 17. Be4 Ke7 18. Be3 Rac8 19. Nd2 Ba6 20. Bd3 Nxe3 21. fxe3 c5 22. Bxa6 Qxa6 23. Nc4 cxd4 24. exd4 Nb6 25. Rxa5 Qxa5 26. Nxa5 Rxc2 27. Rxc2 Nd5 28. Rc4 Kd7 29. Rc6 Ra8 30. Rd6+ Kc7 31. Rc6+ Kd7 32. Rd6+ Ke8 33. Nc6 g5 34. h4 gxh4 35. Kf2 Nc7 36. Nxb4 Nb5 37. Ra6 Rxa6 38. Nxa6 Nxd4 39. Nc5 Nc6 40. Nd3 Kd7 41. Ke3 Ne7 42. Kf4 Kc6 43. Ke4 Nf5 44. Nb4+ Kc5 45. Na6+ Kb5 46. Nc7+ Kb4 47. Ne8 Kxb3 48. Nd6 Ng3+ 49. Kf4 Kc3 50. Nxf7 Kd4 51. Nxh6 Ne2+ 1/2-1/2